[Event "Bastiais Master 2nd"]
[Site "Bastia"]
[Date "2005.11.18"]
[Round "6"]
[White "Mencacci, Floriane"]
[Black "Pietri, Vincent"]
[Result "1-0"]
[WhiteElo "1550"]
[BlackElo "1510"]
[PlyCount "47"]
[EventDate "2005.10.07"]
[EventType "swiss"]
[EventRounds "7"]
[EventCountry "FRA"]
[SourceTitle "EXT 2007"]
[Source "ChessBase"]
[SourceDate "2006.11.23"]
[SourceVersion "1"]
[SourceVersionDate "2006.11.23"]
[SourceQuality "1"]

1. e4 e5 2. Nf3 Nc6 3. Bc4 Nf6 4. Nc3 Bb4 5. a3 Bxc3 6. bxc3 Nxe4 7. Bb2 d5 8. Bb3 d4 9. cxd4 exd4 10. 0-0 Bg4 11. Re1 f5 12. d3 Ne5 13. dxe4 f4 14. Bxd4 Bxf3 15. gxf3 Qg5+ 16. Kh1 Rd8 17. Rg1 Qh5 18. Rxg7 Nxf3 19. Bf7+ Qxf7 20. Rxf7 Kxf7 21. Qxf3 Rxd4 22. Qxf4+ Kg6 23. Rg1+ Kh5 24. Qg5# 1-0

[Event "Bastiais Master 2nd"]
[Site "Bastia"]
[Date "2005.10.14"]
[Round "2"]
[White "Frisoni, Hugo"]
[Black "Pietri, Vincent"]
[Result "1-0"]
[WhiteElo "1540"]
[BlackElo "1510"]
[PlyCount "55"]
[EventDate "2005.10.07"]
[EventType "swiss"]
[EventRounds "7"]
[EventCountry "FRA"]
[SourceTitle "EXT 2007"]
[Source "ChessBase"]
[SourceDate "2006.11.23"]
[SourceVersion "1"]
[SourceVersionDate "2006.11.23"]
[SourceQuality "1"]

1. e4 e5 2. f4 d6 3. Nf3 Nc6 4. Bb5 exf4 5. Bxc6+ bxc6 6. d4 Ba6 7. Bxf4 Nf6 8. Bg5 Be7 9. Bxf6 Bxf6 10. b3 c5 11. c4 0-0 12. 0-0 cxd4 13. Nxd4 Bxd4+ 14. Qxd4 c5 15. Qd3 Qf6 16. Rxf6 gxf6 17. Qg3+ Kh8 18. Qxd6 Bb7 19. Qxf6+ Kg8 20. Nc3 Bc6 21. Qxc6 Rad8 22. Rd1 Rb8 23. Nd5 Rbd8 24. Nf6+ Kg7 25. Rxd8 Rxd8 26. Nd5 a5 27. Qxc5 f6 28. Qe7+ 1-0